000 00628nam a22001817a 4500
001 85847
005 20260429142403.0
008 260429s1999 it ||||| |||| 00| 0 ita d
040 _aM-RABA
_bspa
_cM-RABA
245 0 0 _aBell'Italia Pompei
_bNumero 26 Aprile 1999
260 _aMilán
_b: Editoriale Giorgio Mondadori
_c, 1999
300 _a144 p.
_b: il. col.
_c; 28 cm
500 0 0 _aEn cub.: Una mostra unica: Homo faber. È come entrare nelle case, tra quella gente e quelle cose sepolte dal Vesuvio.
546 _aTexto en italiano.
650 0 _aArte-
_zItalia-
_zPompeya
_984902
852 _jF-16116
942 _cFONDOMODER
_n0
999 _c85847
_d85847